[Event "AUTO-OPEN-1462"]
[Site "http://www.queenalice.com/game.php?id=549518"]
[Date "2009.3.3"]
[Round "1"]
[White "mg23campos"]
[Black "TROPEIRU"]
[Result "1-0"]
[WhiteElo "1782"]
[BlackElo "1821"]

1. e4 e5 2. Nf3 d6 3. Bc4 h6 4. d3 Nf6 5. Nc3 a6 6. a4 Bg4 7. h3 Bh5 8. g4 Bg6
9. b3 Nc6 10. Nd5 Nxd5 11. Bxd5 Qd7 12. Nh4 Bh7 13. c3 Be7 14. Qf3 Bxh4 15. Bd2
Rb8 16. b4 f6 17. b5 axb5 18. axb5 Ne7 19. Bb3 Qxb5 20. Ba4 Qxa4 21. Rxa4 O-O
22. O-O b5 23. Ra7 Rfc8 24. g5 hxg5 25. Qh5 Bg6 26. Qg4 Nc6 27. Rb7 Na5 28. Ra7
Nb3 29. Be3 Kh7 30. Rb7 Kh6 31. Qd7 Be8 32. Qe6 Bf7 33. Qd7 Rd8 34. Qxc7 Rbc8
35. Qxf7 Rg8 36. Qxb3 Rgf8 37. Kg2 Rfe8 38. Kf3 Rf8 39. Kg4 Rce8 40. Qxb5 Kg6
41. Qd5 Rd8 42. Ra1 Kh6 43. Raa7 Rg8 44. Qf7 Rdf8 45. Qh5# 1-0

[Event "AUTO-OPEN-1462"]
[Site "http://www.queenalice.com/game.php?id=549519"]
[Date "2009.3.3"]
[Round "1"]
[White "TROPEIRU"]
[Black "Doctor"]
[Result "1-0"]
[WhiteElo "1795"]
[BlackElo "1710"]

1. e4 e6 2. Nf3 c5 3. Nc3 a6 4. a3 Ne7 5. Bc4 Nbc6 6. d3 g6 7. Bf4 Bg7 8. Qd2 d5
9. exd5 exd5 10. Bb3 O-O 11. Bh6 Nf5 12. Bxg7 Re8+ 13. Ne2 Kxg7 14. Qc3+ Kg8 15.
Qxc5 Nce7 16. O-O b6 17. Qc3 Bb7 18. Ned4 Rc8 19. Qd2 Qd7 20. Rfe1 Nxd4 21. Nxd4
Nf5 22. Nxf5 Qxf5 23. Re3 d4 24. Rh3 Bxg2 25. Kxg2 Qg4+ 26. Rg3 Qd7 27. Rf3 Qg4+
28. Rg3 Qd7 29. Qf4 Re7 30. Rh3 Rf8 31. Qh6 Qg4+ 32. Kh1 1-0

[Event "AUTO-OPEN-1462"]
[Site "http://www.queenalice.com/game.php?id=549520"]
[Date "2009.3.3"]
[Round "1"]
[White "Doctor"]
[Black "TROPEIRU"]
[Result "1/2-1/2"]
[WhiteElo "1710"]
[BlackElo "1813"]

1. e4 e5 2. Nc3 Nc6 3. Nf3 a6 4. a3 Bc5 5. Bc4 h6 6. O-O d6 7. h3 b5 8. Bd5 Bd7
9. d4 exd4 10. Ne2 Qf6 11. b4 Bb6 12. Bb2 Qg6 13. Nh4 Qg5 14. Nf3 Qg6 15. Nf4
Qf6 16. Nh5 Qe7 17. Nxg7+ Kf8 18. Nh5 Rb8 19. Nxd4 Nxd4 20. Bxd4 Bxd4 21. Qxd4
Rh7 22. Rfe1 Qg5 23. Qa7 Rc8 24. Ng3 Nf6 25. Qd4 Nxd5 26. exd5 h5 27. Ne4 Qg6
28. Nf6 Bxh3 29. Nxh7+ Kg8 30. Nf6+ Kf8 31. Nh7+ Kg8 32. Nf6+ Kf8 33. Nh7+ Kg8
1/2-1/2

[Event "Challenge"]
[Site "http://www.queenalice.com/game.php?id=563704"]
[Date "2009.3.29"]
[Round "-"]
[White "barbarosa"]
[Black "TROPEIRU"]
[Result "1-0"]
[WhiteElo "1756"]
[BlackElo "1838"]

1. e4 e5 2. Nf3 d6 3. d4 Bg4 4. Be2 Bxf3 5. Bxf3 Qf6 6. c3 a6 7. O-O Be7 8. d5
c6 9. c4 Nd7 10. Qb3 Rb8 11. Be3 c5 12. Bg4 Qh4 13. Bxd7+ Kxd7 14. Nd2 Nf6 15.
Nf3 Qxe4 16. Ng5 Qg6 17. Qd1 h6 18. Nf3 Qe4 19. Nd2 Qg6 20. h3 Ne4 21. Nxe4 Qxe4
22. b3 g5 23. Re1 Qf5 24. b4 b6 25. bxc5 bxc5 26. Qa4+ Kc7 27. Qxa6 Rhc8 28.
Qa5+ Kd7 29. Qc3 Ke8 30. a4 Bf6 31. Qa3 Rb4 32. Rec1 e4 33. a5 Bxa1 34. Rxa1
Rxc4 35. a6 Qxd5 36. a7 Ra8 37. Rb1 Rb4 38. Rxb4 cxb4 39. Qxb4 Qc6 40. Qb2 Ke7
41. Qg7 d5 42. Qe5+ Qe6 43. Qc7+ Qd7 44. Bc5+ Ke6 45. Qb6+ Kf5 46. g4+ Ke5 47.
Bd4+ Kf4 48. Qf6+ 1-0

[Event "Challenge"]
[Site "http://www.queenalice.com/game.php?id=568240"]
[Date "2009.4.7"]
[Round "-"]
[White "Marivaldo"]
[Black "TROPEIRU"]
[Result "0-1"]
[WhiteElo "1819"]
[BlackElo "1803"]

1. d4 d5 2. Bf4 Nc6 3. Nc3 e6 4. Nb5 Bd6 5. Nxd6+ cxd6 6. e3 e5 7. Bg3 e4 8. Ne2
Be6 9. Nc3 a6 10. Be2 b5 11. Bg4 Nf6 12. Bxe6 fxe6 13. Bh4 O-O 14. Ne2 Qe8 15.
Nc1 Qg6 16. Bg3 Ng4 17. h3 Nxf2 18. Bxf2 Qxg2 19. Rf1 Qxh3 20. Kd2 Qg2 21. Ne2
Rxf2 22. Rg1 Qh2 23. Rh1 Qg2 24. Rg1 Qf3 25. Qe1 Rf8 26. Rd1 Nxd4 27. exd4 Qf4+
28. Kc3 Qe3+ 29. Kb4 Rxe2 30. Qc3 Qxc3+ 31. Kxc3 Rc8+ 32. Kb3 Rcxc2 33. Rb1 h5
34. a3 Red2 35. Kb4 Rxd4+ 36. Ka5 Rc6 37. b4 Rdc4 38. Rg5 Rc3 39. Ra1 Rh3 40. a4
bxa4 41. Rag1 Rc7 42. Rxg7+ Rxg7 43. Rxg7+ Kxg7 44. Kxa4 e3 45. Ka5 e2 46. Kxa6
e1=Q 0-1

[Event "Challenge"]
[Site "http://www.queenalice.com/game.php?id=568241"]
[Date "2009.4.7"]
[Round "-"]
[White "TROPEIRU"]
[Black "Marivaldo"]
[Result "1-0"]
[WhiteElo "1802"]
[BlackElo "1829"]

1. e4 d5 2. e5 d4 3. d3 Qd5 4. f4 Nh6 5. Nf3 Bg4 6. Be2 c5 7. h3 Bxf3 8. Bxf3
Qd7 9. g4 e6 10. Na3 Nc6 11. Bd2 Be7 12. Qe2 Bh4+ 13. Kd1 b5 14. Nxb5 O-O 15. f5
exf5 16. Bxh6 gxh6 17. gxf5 Rae8 18. e6 fxe6 19. fxe6 Rxe6 20. Qg2+ Rg6 21. Bg4
Qb7 22. a4 a6 23. Qe4 axb5 24. axb5 Nd8 25. Qxb7 Nxb7 26. Rg1 Kh8 27. Ra6 Rff6
28. Rxf6 Bxf6 29. Rf1 Kg7 30. Rf5 Rg5 31. Rf2 Re5 32. Bf3 Nd6 33. b6 Re8 34. Re2
Rxe2 35. Kxe2 Be5 36. c3 Nb5 37. c4 Nd6 38. b7 Nf5 39. Bg4 Ne7 40. Kf3 Nc6 41.
Ke4 Bc7 42. Kd5 Na5 43. Kxc5 Nxb7+ 44. Kc6 Na5+ 45. Kxc7 Nb3 46. Kd6 Kf6 47. Kd5
Kg5 48. c5 h5 49. Bd7 Kf4 50. c6 Ke3 51. c7 Kxd3 52. c8=Q 1-0

[Event "Challenge"]
[Site "http://www.queenalice.com/game.php?id=580374"]
[Date "2009.4.30"]
[Round "-"]
[White "Marivaldo"]
[Black "TROPEIRU"]
[Result "0-1"]
[WhiteElo "1831"]
[BlackElo "1822"]

1. d4 d5 2. Bf4 e6 3. a3 Nc6 4. Nc3 a6 5. Nf3 h6 6. e3 Nf6 7. Bd3 b5 8. b4 Bd6
9. Ne5 Bxe5 10. dxe5 Nh5 11. Qxh5 d4 12. Ne4 g6 13. Qf3 g5 14. Nf6+ Kf8 15. Bxg5
hxg5 16. Qxc6 Ra7 17. Nh7+ Kg7 18. Nf6 Bb7 19. Qd7 Qxd7 20. Nxd7 Bxg2 21. Kd2
dxe3+ 22. Kxe3 Bxh1 23. Rxh1 c6 24. Nf6 a5 25. Ng4 axb4 26. axb4 Ra4 27. c3 c5
28. Bxb5 Ra3 29. bxc5 Rxc3+ 30. Kd4 Rb3 31. Kc4 Rb2 32. Kc3 Rxb5 33. Kd4 Rb4+
34. Kc3 Rxg4 35. c6 Rh3+ 36. Kd2 Rc4 0-1

[Event "Challenge"]
[Site "http://www.queenalice.com/game.php?id=580375"]
[Date "2009.4.30"]
[Round "-"]
[White "TROPEIRU"]
[Black "Marivaldo"]
[Result "1-0"]
[WhiteElo "1838"]
[BlackElo "1827"]

1. e4 e5 2. Nf3 f6 3. Nc3 Nh6 4. d3 Nf7 5. a3 Bc5 6. h3 d6 7. d4 exd4 8. Nxd4
Bxd4 9. Qxd4 Nc6 10. Qc4 Nfe5 11. Qb3 Nd4 12. Qa4+ Ndc6 13. Bb5 Bd7 14. f4 Ng6
15. g3 a6 16. Bxc6 Bxc6 17. Qb3 b5 18. f5 Ne5 19. Rf1 Qe7 20. Be3 Nc4 21. Bg1
Bxe4 22. O-O-O O-O-O 23. Rde1 d5 24. Rd1 c6 25. Ne2 Bg2 26. Rfe1 Qd7 27. Nd4
Bxh3 28. Ne6 Bxf5 29. Nc5 Qf7 30. Nxa6 Rhe8 31. Qf3 Be4 32. Qf4 Qb7 33. Nc5 Qc7
34. Qg4+ f5 35. Qh4 h6 36. Bh2 Qe5 37. c3 Nxa3 38. g4 f4 39. Rf1 Nc4 40. Rxf4
Qg5 41. Qxg5 hxg5 42. Rf7 Nd6 43. Rxg7 Rg8 44. Rxg8 Rxg8 45. Bxd6 Rh8 46. Be7
Rh4 47. Nxe4 dxe4 48. Rg1 Rh3 49. Bxg5 e3 50. Kd1 Rh2 51. Bxe3 Rxb2 52. g5 Kd7
53. g6 Rb1+ 54. Bc1 Ra1 55. g7 Ra8 56. g8=Q Rxg8 57. Rxg8 Kd6 58. Rg5 Kc7 59.
Be3 Kb7 60. Kc2 Ka6 61. Kb3 Ka5 62. Rc5 Kb6 63. Kb4 Kb7 64. Ka5 Kc7 65. Ka6 Kd6
66. Kb6 Kd7 67. Rxc6 Ke7 68. Kxb5 Kd7 69. c4 Ke7 70. c5 1-0

[Event "Challenge"]
[Site "http://www.queenalice.com/game.php?id=586876"]
[Date "2009.5.12"]
[Round "-"]
[White "Carl_Flemming"]
[Black "TROPEIRU"]
[Result "1-0"]
[WhiteElo "1955"]
[BlackElo "1838"]

1. e4 e5 2. Nf3 d6 3. Bc4 h6 4. h3 Nf6 5. Nc3 c6 6. d4 Qe7 7. O-O g5 8. Nh2 b5
9. Bd3 b4 10. Ne2 Ba6 11. Be3 c5 12. c3 Bc8 13. Qc2 Nc6 14. Rad1 Bxh3 15. gxh3
Qe6 16. Kg2 g4 17. d5 gxh3+ 18. Kh1 Nxd5 19. exd5 Qc8 20. dxc6 Qxc6+ 21. Be4 d5
22. Rxd5 Qf6 23. Qa4+ Qc6 24. Qxc6+ 1-0

[Event "Challenge"]
[Site "http://www.queenalice.com/game.php?id=587514"]
[Date "2009.5.13"]
[Round "-"]
[White "TROPEIRU"]
[Black "Mannu"]
[Result "0-1"]
[WhiteElo "1855"]
[BlackElo "1966"]

1. e4 e5 2. Nf3 Nc6 3. Bb5 Nd4 4. Nxd4 exd4 5. b3 Qg5 6. Bf1 Nf6 7. d3 Qa5+ 8.
Bd2 Bb4 9. a3 Bc3 10. Bxc3 dxc3 11. Qf3 d6 12. h3 Bd7 13. Be2 O-O 14. g4 Rfe8
15. g5 Qxg5 16. Rg1 Qh6 17. Rg3 Re5 18. b4 Qc1+ 19. Bd1 Kf8 20. Qg2 Rae8 21. f3
Nh5 22. f4 Nxg3 23. fxe5 Qe3+ 24. Be2 Nxe2 25. Qxe2 Qc1+ 26. Qd1 Qb2 27. Nxc3
Qxc3+ 28. Kf2 Rxe5 29. h4 d5 30. Qe1 Qxc2+ 31. Qe2 Qc6 32. Re1 dxe4 33. dxe4 f5
34. Qf3 Qf6 35. h5 Bc6 36. Qf4 Bxe4 37. Re3 Rd5 38. h6 Rd6 39. hxg7+ Kxg7 40.
Rg3+ Kh8 41. Qc1 Qd4+ 42. Ke1 Re6 43. Re3 f4 44. Qc3 Qxc3+ 45. Rxc3 c6 46. Kf2
h5 47. Rc5 Bd5 48. b5 f3 49. bxc6 Re2+ 50. Kf1 bxc6 51. Ra5 Ra2 52. Ra4 Rc2 53.
Rf4 Kg7 54. Kg1 Kg6 55. a4 Kg5 56. Rf8 Rg2+ 57. Kh1 Kh4 58. Rf4+ Kg3 59. Rf5 f2
60. a5 Rg1# 0-1

[Event "Challenge"]
[Site "http://www.queenalice.com/game.php?id=587515"]
[Date "2009.5.13"]
[Round "-"]
[White "TROPEIRU"]
[Black "Ebbe"]
[Result "0-1"]
[WhiteElo "1866"]
[BlackElo "1887"]

1. e4 e5 2. Nf3 Nc6 3. Bb5 Nf6 4. Bxc6 bxc6 5. d3 d6 6. h3 g6 7. Be3 Bg7 8. Nbd2
O-O 9. g4 Nd7 10. h4 Nb6 11. Rg1 d5 12. h5 d4 13. Bg5 f6 14. Bh4 g5 15. Bg3 Bxg4
16. Rh1 h6 17. a3 Na4 18. Rb1 Rb8 19. Qc1 f5 20. Nxe5 Bxe5 21. Bxe5 f4 22. f3
Be6 23. Rg1 Rb5 24. Bxf4 Rxf4 25. Nb3 Rxf3 26. Qd2 Qf6 27. Nc1 Re3+ 28. Kd1 Bg4+
29. Ne2 Bxe2+ 30. Kc1 Qf2 31. Qe1 Qf4 32. Qd2 Bxd3 33. b4 Bxe4 34. Rb3 Nc3 35.
Kb2 c5 36. bxc5 Rxb3+ 37. Ka1 Rxa3+ 38. Kb2 Ra2+ 39. Kb3 Bd5+ 0-1

[Event "AUTO-OPEN-1410"]
[Site "http://www.queenalice.com/game.php?id=599736"]
[Date "2009.6.7"]
[Round "2"]
[White "Barreto"]
[Black "TROPEIRU"]
[Result "1-0"]
[WhiteElo "2266"]
[BlackElo "1860"]

1. e4 e5 2. Nf3 d6 3. d4 exd4 4. Nxd4 c5 5. Bb5+ Bd7 6. Bxd7+ Qxd7 7. Nf5 g6 8.
Ne3 Qe6 9. O-O Qxe4 10. Nd5 Na6 11. Re1 Qxe1+ 12. Qxe1+ Ne7 13. Bg5 Nb4 14. Bxe7
Kd7 15. Nf6+ Kc7 16. Na3 h5 17. Bxf8 Rhxf8 18. Qe7+ Kb6 19. Qxd6+ Ka5 20. Qxc5+
1-0

[Event "AUTO-OPEN-1410"]
[Site "http://www.queenalice.com/game.php?id=599737"]
[Date "2009.6.7"]
[Round "2"]
[White "TROPEIRU"]
[Black "Barreto"]
[Result "0-1"]
[WhiteElo "1818"]
[BlackElo "2047"]

1. e4 c5 2. Nf3 d6 3. Bc4 Nf6 4. Ng5 e6 5. Nc3 Nc6 6. d3 d5 7. Bb5 d4 8. Bxc6+
bxc6 9. Qf3 dxc3 10. e5 h6 11. Nxf7 Kxf7 12. exf6 Qxf6 13. Qxf6+ gxf6 14. bxc3
Rb8 15. O-O Bd6 16. c4 Be5 17. Be3 Bxa1 18. Rxa1 Rb2 19. Bxc5 a5 20. Be3 Rxc2
21. h3 Rd8 22. Bb6 Rxd3 23. Bxa5 Ra3 24. Bb4 Raxa2 25. Rxa2 Rxa2 26. c5 e5 27.
g4 Ke6 0-1

[Event "AUTO-OPEN-1410"]
[Site "http://www.queenalice.com/game.php?id=599748"]
[Date "2009.6.7"]
[Round "2"]
[White "joao"]
[Black "TROPEIRU"]
[Result "1-0"]
[WhiteElo "2128"]
[BlackElo "1872"]

1. c4 e5 2. Nc3 Bb4 3. g3 Bxc3 4. dxc3 c5 5. Bg2 h6 6. f4 d6 7. Nh3 Na6 8. O-O
Be6 9. Bxb7 Bxh3 10. Qa4+ Qd7 11. Bc6 1-0

[Event "AUTO-OPEN-1410"]
[Site "http://www.queenalice.com/game.php?id=599749"]
[Date "2009.6.7"]
[Round "2"]
[White "TROPEIRU"]
[Black "joao"]
[Result "0-1"]
[WhiteElo "1827"]
[BlackElo "2009"]

1. e4 e5 2. Nf3 Nc6 3. Bb5 a6 4. Bxc6 dxc6 5. d3 f6 6. a3 Bc5 7. b4 Ba7 8. h3
Be6 9. Bb2 Ne7 10. Qd2 O-O 11. Nh2 c5 12. h4 c4 13. a4 c5 14. dxc4 Bxc4 15. Qc3
b5 16. Nd2 cxb4 17. Qxb4 a5 18. Qc3 Bd4 19. Qg3 Bxb2 20. Rb1 Qd4 21. Qe3 Qxe3+
22. fxe3 Bc3 23. axb5 Rab8 24. b6 Rfd8 25. Nf3 Ba6 26. Rb3 Rdc8 27. Kf2 a4 28.
Ra3 Bb5 29. Rb1 Rxb6 30. Rxa4 Bxa4 31. Rxb6 Bxd2 32. Nxd2 Bxc2 33. Kf3 Bd1+ 34.
Kf2 Rc2 0-1

[Event "Challenge"]
[Site "http://www.queenalice.com/game.php?id=600353"]
[Date "2009.6.8"]
[Round "-"]
[White "Marivaldo"]
[Black "TROPEIRU"]
[Result "0-1"]
[WhiteElo "1862"]
[BlackElo "1843"]

1. d4 d5 2. Bf4 h6 3. Nc3 a6 4. e3 e6 5. a3 Bd6 6. Bg3 Bxg3 7. hxg3 Nf6 8. Nf3
O-O 9. Qd3 Bd7 10. Be2 b5 11. Ne5 Nc6 12. Nxc6 Bxc6 13. Bd1 Qd6 14. Qe2 b4 15.
axb4 Qxb4 16. Ra2 Ne4 17. Ra3 Qxb2 18. Nxe4 Qxa3 19. Nc5 Bb5 20. Qd2 Bc4 21. Be2
Bxe2 22. Qxe2 Qb4+ 23. Qd2 Qxd2+ 24. Kxd2 Rfd8 25. Ra1 a5 26. Nb7 Rdb8 27. Nxa5
Rb5 28. Nb3 Rxa1 29. Nxa1 c5 30. Nb3 c4 31. Nc1 f5 32. f3 Kf7 33. Ne2 Rb1 34. g4
fxg4 35. fxg4 Kf6 36. Nf4 Rg1 37. Ke2 e5 38. Nxd5+ Ke6 39. Nc7+ Kd6 40. Nb5+ Kc6
41. Kf2 Rc1 42. Na3 exd4 43. exd4 Kd5 44. Ke3 Ra1 45. Nb5 Rc1 46. Kd2 Rg1 47. c3
Rxg2+ 48. Ke3 Rxg4 49. Nc7+ Kc6 50. Ne6 Rg1 51. Nc5 h5 52. Ne4 h4 53. Kf2 Rg6
54. Nd2 Kd5 55. Nf3 h3 56. Ne5 Rg5 57. Nf3 Rf5 58. Kg3 Ke4 59. Nh2 Kd3 60. Kxh3
Kxc3 61. Kg4 g6 62. Nf3 Kd3 63. Ne5+ Kxd4 64. Nxg6 Rf1 65. Nf4 Ke3 66. Kg3 Rxf4
0-1

[Event "Challenge"]
[Site "http://www.queenalice.com/game.php?id=600354"]
[Date "2009.6.8"]
[Round "-"]
[White "TROPEIRU"]
[Black "Marivaldo"]
[Result "1-0"]
[WhiteElo "1851"]
[BlackElo "1753"]

1. e4 d5 2. e5 d4 3. h3 f5 4. Bc4 e6 5. d3 h6 6. Qh5+ Ke7 7. Bg5+ hxg5 8. Qxh8
Nh6 9. Nf3 Kd7 10. Nxd4 Ke7 11. Nf3 Kd7 12. g3 Qe7 13. Nxg5 Qxg5 14. Qxf8 Qc1+
15. Ke2 Qxh1 16. Qxg7+ Kc6 17. Qxh6 b5 18. Bxe6 Bxe6 19. Qxe6+ Kb7 20. Qxf5 Qc1
21. a4 Qxb2 22. Ra3 Qxb1 23. d4 Qb2 24. Rb3 Qxd4 25. Rxb5+ Kc6 26. Qe6+ Qd6 27.
exd6 cxd6 28. Qd5+ 1-0

[Event "Challenge"]
[Site "http://www.queenalice.com/game.php?id=632228"]
[Date "2009.8.7"]
[Round "-"]
[White "Marivaldo"]
[Black "TROPEIRU"]
[Result "1-0"]
[WhiteElo "1831"]
[BlackElo "1843"]

1. d4 d5 2. Bf4 e6 3. a3 h6 4. Nc3 a6 5. e3 Bd6 6. Bg3 Bxg3 7. hxg3 Nf6 8. Bd3
Nc6 9. Qe2 Qe7 10. Nf3 b5 11. b4 g5 12. Nxg5 Qf8 13. Nh3 Qg7 14. Nf4 Ng4 15. Nh5
Qf8 16. Qxg4 e5 17. Nf6+ Kd8 18. Bf5 exd4 19. Bxc8 Qe7 20. Ncxd5 Qd6 21. Qd7+
Qxd7 22. Bxd7 Ne7 23. Nf4 dxe3 24. fxe3 Nf5 25. Bxf5 Ke7 26. N6d5+ Kf8 27. Nxc7
Ra7 28. Ncd5 Rg8 29. g4 Rh8 30. Nf6 Rc7 31. Nd7+ Ke8 32. Rd1 Rxc2 33. Nc5 Rc3
34. Nxa6 Rxe3+ 35. Kf2 Rxa3 36. Bd7+ Ke7 37. Bxb5 Kf6 38. Rh5 Rg8 39. Rd6+ Ke7
40. Rd7+ Kf6 41. Rd6+ Ke7 42. Rhxh6 Rxg4 43. Nd5+ Kf8 44. Rhf6 Ra2+ 45. Be2 Rg6
46. Rxg6 fxg6 47. Rxg6 Kf7 48. Rf6+ Kg7 49. Nac7 Rd2 50. Ne6+ Kh7 51. Ne7 Rb2
52. b5 Rb4 53. Bd3+ Kh8 54. Rh6# 1-0

[Event "Challenge"]
[Site "http://www.queenalice.com/game.php?id=632229"]
[Date "2009.8.7"]
[Round "-"]
[White "TROPEIRU"]
[Black "Marivaldo"]
[Result "0-1"]
[WhiteElo "1858"]
[BlackElo "1889"]

1. e4 d5 2. e5 d4 3. Nf3 Bf5 4. Bb5+ c6 5. Bc4 e6 6. h3 b5 7. Bb3 c5 8. d3 a5 9.
a3 a4 10. Ba2 Be7 11. g4 Bg6 12. h4 h5 13. Ng5 Qc7 14. Bf4 Qc6 15. f3 hxg4 16.
fxg4 Qxh1+ 17. Kd2 Qxd1+ 18. Kxd1 Rxh4 19. Nxe6 fxe6 20. Bxe6 Bf7 21. Bf5 g6 22.
Be4 Rxg4 23. Bxa8 Rxf4 24. c3 Bb3+ 25. Ke2 Bh4 26. Bf3 Bc2 27. Nd2 Rf5 28. e6
Re5+ 29. Ne4 Nf6 30. Kd2 Nxe4+ 31. Bxe4 Bb3 32. Bxg6+ Ke7 33. cxd4 cxd4 34. Rf1
Bg5+ 0-1